LEADER 01182nam 2200325z- 450 001 9910689879003321 005 20161209104554.0 035 $a(CKB)5860000000020460 035 $a(BIP)012881009 035 $a(EXLCZ)995860000000020460 100 $a20220406c2004uuuu -u- - 101 0 $aeng 200 10$aDecades of terror $eexploring human rights abuses in Kashmir and the disputed territories : hearing before the Subcommittee on Human Rights and Wellness of the Committee on Government Reform, House of Representatives, One Hundred Eighth Congress, second session, May 12, 2004 215 $a1 online resource (iii, 121 p.) $cill 311 $a0-16-074071-1 517 $aDecades of terror 606 $aHuman rights$zIndia$zJammu and Kashmir 606 $aAtrocities$zIndia$zJammu and Kashmir 607 $aJammu and Kashmir (India)$xPolitics and government 610 $aHuman rights 610 $aAtrocities 610 $aJammu and kashmir (india) 610 $aPolitical science 610 $aHistory 615 0$aHuman rights 615 0$aAtrocities 906 $aBOOK 912 $a9910689879003321 996 $aDecades of terror$93142223 997 $aUNINA